000 00868nam a22001697a 4500
999 _c59534
_d59534
003 Ge_BSU
005 20230310164510.0
008 230310s2007 ge ||||| |||| 00| 0 geo d
041 _ageo
080 _a347.21:338.242 რ-12
245 _aრა უნდა ვიცოდეთ პრივატიზაციის შესახებ : გზამკვლევი კანონმდებლობაში :
_bცვლილებებითა და დამატებებით 2007 წლის 10 აპრილამდე.
264 _aთბილისი :
_b[ბონა კაუზა],
_c2007.
300 _a90 გვ. ;
_b20 სმ.
490 _aიურისტის ბიბლიოთეკა
653 _aსახელმწიფო ქონების პრივატიზაცია
942 _2udc
_cBK